000 01447nam a2200253 i 4500
001 161018
003 ES-MaACL
005 20230906212157.0
008 981014s1820 sp |||| | spa d
040 _aCCPB | B
_bspa
_cCCPB | B
100 1 _aOnís, Luis de.
_987090
245 1 0 _aMemoria sobre las negociaciones entre España y los Estados-Unidos de América que dieron motivo al Tratado de 1819 con una noticia sobre la estadistica de aquel pais
_b: acompaña un apéndice que contiene documentos importantes ... /
_c[por D. Luis de Onis ... ; [primara parte-segunda].
260 _aMadrid :
_b[s.n.],
_c1820 (
_fImprenta de D. M. de Burgos)
300 _a2 v. ([2], VII, 108, [2], 70 p., [1] de map. pleg. ; 213 p.) ;
_c26 cm.
530 _aDisponible en formato digital.
597 _aAntep.
597 _aSign.: *4, a-n4, o², p²?¹, a-h4, i4?¹ ; [A]-B4, C4?¹, D-Z4, 2A-2D4.
599 _aLa h. de mapa es un gragado calcográfico: "Carte de L'Amérique Septentrionale par A. J. C. Brué Géographe de S. A. R. Monsieur á Paris. Janvier 1820". "Gravée sous la direction de l'Auteur"
651 4 _aEspaña-
_xRelaciones-
_zEstados Unidos
_98462
651 4 _aFlorida-
_xHistoria-
_y1819, Cesión a los Estados Unidos.
_9168240
852 _aES-MaACL
_jB-4769-70
_z-- Enc. piel con hierros dorados
856 _uhttp://bdh-rd.bne.es/viewer.vm?id=0000043506&page=1
_zBiblioteca Digital Hispánica
999 _c161018
_d161018